000 00321nam a2200133Ia 4500
008 150301s2015 xx 000 0 und d
082 _a615.19
_bP14H
100 _aHURTHY, T.E.GOPALA K
245 _aPHARMACEUTICAL STATISTICS
260 _bPHARMA MED PRESS
300 _a477
650 _aPHARMACEUTICS
942 _2ddc
_cBK
999 _c7374
_d7374